000 00761nam a22002177a 4500
999 _c5432
_d5432
003 OSt
005 20250825114737.0
008 180220b xxu||||| |||| 00| 0 spa d
020 _a97898730483340
040 _cPJ
100 _95768
_aTazza, Alejandro
245 1 0 _aCódigo Penal de la Nación Argentina :
_bcomentado - parte especial. Tomo II /
_cAlejandro Tazza.
250 _a3a. ed. act. y amp.
260 _aBuenos Aires :
_bRubinal Culzoni,
_c2025.
300 _a856 p.
_c23 cm.
505 _aAnálisis exegético de los artículos 162 a 225 del Código Penal de la Nación Argentina.
650 0 _aCODIGO PENAL
_92480
650 0 _aOBRA DE REFERENCIA
_92443
710 _92448
_aArgentina. Códigos
942 _2udc
_cREF
_h343.2(094.4)
_iTAZ